000 00287nam a22001337a 4500
008 180301b xxu||||| |||| 00| 0 eng d
020 _a9780972323666
041 _aeng
080 _a615
100 _a5
101 _aSHF
245 _aThe Dean's Compass
_cChase, P.A
942 _2udc
_cBK
999 _c43779
_d43779